| 000 | 00957nas a2200301 4500 | ||
|---|---|---|---|
| 001 | BR2016004712 | ||
| 003 | BR-BrBNA | ||
| 005 | 20231205130731.0 | ||
| 007 | ta | ||
| 008 | 230509b bl.|||p| |||| 00| 00por d | ||
| 040 |
_aBR-BrBNA _bpor _cBiblioteca Nacional de Agricultura |
||
| 041 | _a(Pt) | ||
| 072 | _aM40; L74 | ||
| 100 | 1 | _aDutra, F.M. | |
| 100 | 1 | _aForneck, S.C. | |
| 100 | 1 | _aBallester, E.L.C. | |
| 245 | 1 | _aSuscetibilidade dos estágios ontogenéticos: padrão osmorregulatório em camarões Peneídeos e Palemonídeos | |
| 650 | _aCAMARÃO | ||
| 650 | _aCRUSTÁCEO | ||
| 650 | _aFISIOLOGIA ANIMAL | ||
| 650 | _aGENÉTICA ANIMAL | ||
| 650 | _aNITRITO | ||
| 650 | _aTOXICOLOGIA | ||
| 650 | _aECOLOGIA ANIMAL | ||
| 773 | 0 |
_tArquivos de Ciências Veterinárias e Zoologia da UNIPAR (Brazil) _xISSN 1415-8167 _g(Jul-Sep 2014), v. 17(3) p. 209-215 _wBR2016004712 |
|
| 909 |
_a202311 _bLúcia _c55 _dLúcia Elande |
||
| 942 |
_2AGRIS _n0 _cANA |
||
| 999 |
_c250915 _d250915 |
||